15 Category Mixed Word Quiz Stats

 Plays Quiz Updated May 19, 2020

Support Sporcle.
Go Orange.
Score 0/75 Timer 15:00
0 Plays Today
Category Answer % Correct
Word Ladder! (Just For Fun)LACE
87.2%
Halloween Costumes (Holiday)WITCH
87.2%
Word Ladder! (Just For Fun)LUCK
87.2%
Word Ladder! (Just For Fun)DUCK
87.1%
Word Ladder! (Just For Fun)LAKE
86.9%
Word Ladder! (Just For Fun)LACK
86.9%
Rock Bands (Music)QUEEN
86.3%
Things from Ancient Egypt (History)SPHINX
86.1%
Animated Disney Movies (Movies)BAMBI
85.3%
Superheroes (Entertainment)THE FLASH
84.9%
Animated Disney Movies (Movies)THE JUNGLE BOOK
84.6%
Board Games (Gaming)THE GAME OF LIFE
84%
Superheroes (Entertainment)GREEN LANTERN
84%
Rock Bands (Music)RED HOT CHILI PEPPERS
83.1%
Board Games (Gaming)MONOPOLY
82.3%
Board Games (Gaming)TICKET TO RIDE
82.1%
Top 50 U.S. Universities (Miscellaneous)HARVARD
81.3%
Superheroes (Entertainment)WONDER WOMAN
81%
Spanish Colors (Language)ROJO
80.8%
Simpsons Characters (Television)LISA SIMPSON
79.7%
Countries (Geography)SOUTH SUDAN
79%
Halloween Costumes (Holiday)NINJA
78.3%
Board Games (Gaming)MOUSE TRAP
77.4%
Spanish Colors (Language)AZUL
75.3%
Christian Denominations (Religion)LATTER DAY SAINTS
72.9%
Top 50 U.S. Universities (Miscellaneous)NOTRE DAME
72%
Simpsons Characters (Television)COMIC BOOK GUY
71.6%
Halloween Costumes (Holiday)PIRATE
71.5%
Things from Ancient Egypt (History)PHARAOH
70.4%
Christian Denominations (Religion)BAPTIST
70.2%
Halloween Costumes (Holiday)COWBOY
70.1%
Animated Disney Movies (Movies)PINOCCHIO
70%
Countries (Geography)COSTA RICA
68.6%
Superheroes (Entertainment)ROBIN
68.6%
Top 50 U.S. Universities (Miscellaneous)TUFTS
67.6%
Superheroes (Entertainment)THE INCREDIBLES
66.7%
Rock Bands (Music)THE BEATLES
66%
Christian Denominations (Religion)LUTHERAN
65.8%
Category Answer % Correct
Premier League Teams (Sports)MANCHESTER UNITED
63.5%
Simpsons Characters (Television)MISTER BURNS
63.2%
Countries (Geography)ISRAEL
61.8%
Christian Denominations (Religion)CATHOLIC
61.7%
Countries (Geography)KYRGYZSTAN
61.6%
Premier League Teams (Sports)LIVERPOOL
61.6%
Things from Ancient Egypt (History)PYRAMIDS
61.3%
Animals (Science)PARROT
60.8%
Countries (Geography)BELARUS
60.6%
Premier League Teams (Sports)READING
60.4%
Animals (Science)KANGAROO
59.2%
Premier League Teams (Sports)CHELSEA
54.9%
Rock Bands (Music)THE KILLERS
52.8%
Animated Disney Movies (Movies)CINDERELLA
52.3%
Board Games (Gaming)SETTLERS OF CATAN
48.5%
Top 50 U.S. Universities (Miscellaneous)UNIVERSITY OF CALIFORNIA - DAVIS
48.4%
Simpsons Characters (Television)LENNY LEONARD
47.2%
Spanish Colors (Language)AMARILLO
43.5%
Halloween Costumes (Holiday)PRINCESS
43.3%
Poets (Literature)RUMI
42.6%
Animals (Science)AFRICAN ELEPHANT
42.4%
Premier League Teams (Sports)PORTSMOUTH
42.3%
Animated Disney Movies (Movies)HERCULES
41%
Poets (Literature)DONNE
38.9%
Poets (Literature)PLATH
36.9%
Poets (Literature)SHAKESPEARE
36.2%
Animals (Science)ARMADILLO
36%
Christian Denominations (Religion)MENNONITE
33.2%
Things from Ancient Egypt (History)HIEROGLYPHICS
31.4%
Poets (Literature)WHITMAN
29.1%
Spanish Colors (Language)ROSADO
27.8%
Simpsons Characters (Television)MOE SZYSLAK
27.1%
Top 50 U.S. Universities (Miscellaneous)NORTHWESTERN
22.8%
Spanish Colors (Language)ANARANJADO
19.8%
Animals (Science)SALAMANDER
18.3%
Rock Bands (Music)SUPERTRAMP
17%
Things from Ancient Egypt (History)HATSHEPSUT
12%

You're not logged in!

Compare scores with friends on all Sporcle quizzes.
OR
Log In

From the Vault

Famous Activists Slideshow

by jeffalarson

These people refused to back down when it came to their beliefs.
Remove Ads.
Support Sporcle.
Get the best of Sporcle when you Go Orange. This ad-free experience offers more features, more stats, and more fun while also helping to support Sporcle. Thank you for becoming a member.

Show Comments

Extras

Top Quizzes Today


Score Distribution

Your Account Isn't Verified!

In order to create a playlist on Sporcle, you need to verify the email address you used during registration. Go to your Sporcle Settings to finish the process.

Report this User

Report this user for behavior that violates our Community Guidelines.

Details: